Logo BPK

Biblioteka

Politechniki Koszalińskiej

Mikroekonomia : (Rekord nr 44313)

Szczegóły MARC
000 -ETYKIETA REKORDU
podpole kontrolne o stałej długości 00803nam a2200229 i 4500
001 - NUMER KONTROLNY REKORDU
pole kontrolne bg
003 - IDENTYFIKATOR NUMERU KONTROLNEGO REKORDU
podpole kontrolne BPK
005 - DATA OSTATNIEJ MODYFIKACJI REKORDU
podpole kontrolne 20210318105712.0
008 - POLE O STAŁEJ DŁUGOŚCI - DANE KONTROLNE
podpole kontrolne o stałej długości 990909s1997 pl f f |000 0 pol
040 ## - ŹRÓDŁO KATALOGOWANIA
Instytucja, która utworzyła rekord BPK
041 0# - KOD JĘZYKA
Kod języka tekstu pol
080 ## - UNIWERSALNA KLASYFIKACJA DZIESIĘTNA - UKD
UKD 330.101.542
080 ## - UNIWERSALNA KLASYFIKACJA DZIESIĘTNA - UKD
UKD (075.8+076)
100 1# - NAZWA OSOBOWA
Nazwa osobowa Wiśniewski, Edward
Dopowiedzenie (ekonomia)
Określenie rodzaju współpracy Autor
245 10 - TYTUŁ/ODPOWIEDZIALNOŚĆ
Tytuł Mikroekonomia :
Ciąg dalszy tytułu zbiór zadań /
Pozostałe elementy strefy tytułu i oznaczenia odpowiedzialności Edward Wiśniewski ; Zachodniopomorska Szkoła Businessu w Kołobrzegu. Instytut Kształcenia Managerów.
260 ## - STREFA ADRESU WYDAWNICZEGO
Miejsce wydania Kołobrzeg :
Nazwa wydawcy/dystrybutora ZSB.IKM,
Data publikacji, dystrybucji/powstania dokumentu 1997.
300 ## - STREFA OPISU FIZYCZNEGO
Objętość 119 s. :
Inne cechy fizyczne wykr. ;
Rozmiary 21 cm.
655 #4 - TERMIN INDEKSOWY - OKREŚLENIE RODZAJU/FORMY DOKUMENTU
Określenie rodzaju/formy dokumentu Ćwiczenia i zadania dla szkół wyższych
650 #4 - HASŁO PRZEDMIOTOWE W FORMIE NAZWY OGÓLNEJ LUB JEDNOSTKOWEJ
Nazwa ogólna lub geograficzna Mikroekonomia
856 ## - LOKALIZACJA I DOSTĘP DO ELEKTRONICZNYCH DOKUMENTÓW ZDALNYCH
Link (URL) http://koha.tu.koszalin.pl/cgi-bin/koha/opac-detail.pl?biblionumber=44313
Tekst linku Katalog online BPK
942 ## - DODATKOWE ELEMENTY (KOHA)
Typ dokumentu Książka
Schemat klasyfikacji Uniwersalna Klasyfikacja Dziesiętna
Egzemplarze
Wycofany Status egzemplarza Uszkodzony Dostępność Lokalizacja stała Lokalizacja bieżąca Miejsce przechowywania Sygnatura Kod kreskowy Typ dokumentu
      Dostępny Biblioteka Politechniki Koszalińskiej Biblioteka Politechniki Koszalińskiej Wypożyczalnia BG 71379 02162669 Książka
© 2023 Biblioteka Politechniki Koszalińskiej :: KOHA